000 00791nam a22002897a 4500
001 BR9604898
003 BR-BrBNA
005 20230928095050.0
007 ta
008 230509b bl.||||| |||| 00| 0 por d
040 _aBR-BrBNA
_bpor
_cBiblioteca Nacional de Agricultura
041 _a(Por)
072 _aK10
090 _ K10 BR9604898
100 1 _aMacedo, A.C.
110 1 _aSecretaria de Estado de Meio Ambiente, Sao Paulo, SP (Brasil)
_98904
245 1 _aProducao de mudas em viveiros florestais - especies nativas
260 3 _aSao Paulo, SP (Brasil):
_c1993.
300 _a21 p.
500 _a7 ref.; 6 illus.
650 _aFloresta
650 _aMuda
650 _aViveiro
650 _aProducao Florestal
909 _a202309
_bLucia
_c55
_dLucia Elande
942 _cBK
999 _c54305
_d54305